Seyahatname'ye göre ruhaniyetli şehir Bursa (Record no. 3333)

MARC details
000 -BAŞLIK
Sabit Uzunlukta Kontrol Alanı 00981na a2200313 4500
999 ## - SİSTEM KONTROL NUMARALARI (KOHA)
Koha Biblionumber 3333
Koha Biblioitemnumber 3333
001 - KONTROL NUMARASI
Denetim Alanı 16513
003 - KONTROL NUMARASI IDENTIFIER
Denetim Alanı MIRAKIL
005 - SON İŞLEM TARİHİ VE ZAMANI
Denetim Alanı 20190517154808.0
008 - SABİT-BOY VERİ ELEMANLARI - GENEL BİLGİLER
Sabit Uzunlukta Kontrol Alanı 161008b tu 000 0
020 ## - ULUSLARARASI STANDART KİTAP NUMARASI
Uluslararası Standart Kitap Numarası 9789756720332
040 ## - KATALOGLAMA KAYNAK
Orijinal Kataloglama Ajansı Milas
Kataloglama Dili tur
Metne Dönüştürmek Ajansı TR-AnCHP
041 ## - DİL KODU
Metin / Ses Parça Veya Ayrı Başlığın Dil Kodu tur
082 ## - DEWEY ONLU SINIFLANDIRMA NUMARASI
Sınıflandırma Numarası 956.223
Ürün Numarası Ç34s 2009
090 ## - SINIFLAMA NUMARASI
Sınıflama Numarası 956.223 Ç34s 2009
100 1# - ANA GİRİŞ - KİŞİSEL İSİM
Kişisel Ad Evliya Çelebi
Bir Adıyla İlişkilendirilen Tarihler 1611-1682
245 ## - BAŞLIK TABLOSU
Başlık Seyahatname'ye göre ruhaniyetli şehir Bursa
Sorumluluk Tablosu, Vb Evliya Çelebi; hazırlayan Hasan Basri Öcalan
246 ## - UNVAN FORM VARYING
Başlık Doğru / Kısa Başlığı Ruhaniyetli şehir Bursa
250 ## - EDITION TABLOSU
Baskı Beyanı 2. bs.
260 ## - YAYIN, DAĞITIM, VB
Yayın, Dağıtım, Vb Yeri Ankara
Yayıncı, Dağıtıcı, Vs Adı Bursa İl Özel Idaresi
Yayın, Dağıtım, Vb Tarihi 2009
300 ## - FİZİKSEL TANIM
Kapsam 168 s.
Diğer Fiziksel Ayrıntıları fotg.
Boyutlar 24 sm.
490 ## - SERİSİ TABLOSU
Seri Beyanı Yeşil Şehir Kitaplığı
Hacim / Ardışık Tanımı 4
504 ## - KAYNAKÇA VB NOT
Kaynakça Vb Notu Kaynakça var.
651 ## - KONU KATMA GİRİŞ - COĞRAFİ ADI
Coğrafi İsim Bursa
Genel Alt Bölümü Gezginler
Kronolojik Alt Bölümü 17. yüzyıl
651 ## - KONU KATMA GİRİŞ - COĞRAFİ ADI
Coğrafi İsim Bursa
Genel Alt Bölümü Tarih ve Kültür
700 ## - KATMA GİRİŞ - KİŞİSEL İSİM
Kişisel Ad Öcalan, Hasan Basri
856 ## - ELEKTRONİK YER VE ERİŞİM
Kamu Notu Dijital Nüshası için Partimizin Kütüphane Sorumlusu ile iletişime geçiniz.
942 ## - EKLENDİ GİRİŞ ELEMANLARI (KOHA)
Koha Öğesi Türü Books
999 ## - SİSTEM KONTROL NUMARALARI (KOHA)
Koha Biblioitemnumber 3333
Holdings
Kalıcı Konum Mevcut Konum Edinme Tarihi Edinim Kaynak Toplam Check-Out'Lar Tam Çağrı Numarası Barkod Tarih Son Görülme İtibaren Geçerli Fiyatlar Koha Öğesi Türü
CHP Kütüphanesi CHP Kütüphanesi 10/07/2016 Bağış   956.223 Ç34s 2009 004714 10/07/2016 10/07/2016 Books